Stavebno-technologický projekt pre stavbu: Polyfunkčný objekt Premiére

Gespeichert in:
Bibliographische Detailangaben
1. Verfasser: Vorčáková, Andrea (Verfasst von)
Weitere Verfasser: Ďubek, Marek (Betreuung Doktorarbeit)
Format: Manuskript Buch
Sprache:Slowakisch
Veröffentlicht: 2025
Schlagworte:
Online-Zugang:http://is.stuba.sk/zp/portal_zp.pl?podrobnosti=182515
CRZP
Tags: Tag hinzufügen
Keine Tags, Fügen Sie das erste Tag hinzu!

MARC

LEADER 00000ntm a22000003a 4500
001 stuzp104561
003 SK-STU
005 20250801123807.0
007 ta
008 150427s2015----xo-----f-mn---000-0-slo-d
040 |a STU  |b slo 
041 0 |a slo 
100 1 |a Vorčáková, Andrea  |u 010270  |4 aut  |U SvF Stavebná fakulta  |T SvF Katedra technológie stavieb  |X 109977  |U V270  |Y 28  |7 109977 
242 0 1 |a Construction - Technological Project - Residential complex Premiére  |y eng 
245 1 0 |a Stavebno-technologický projekt pre stavbu: Polyfunkčný objekt Premiére 
260 |c 2025 
650 4 |a multifunctional building  |2 eng 
650 4 |a construction organization  |2 eng 
650 4 |a construction technology project  |2 eng 
650 4 |a parking  |2 eng 
650 4 |a site setup  |2 eng 
650 4 |a schedule  |2 eng 
650 4 |a occupational safety  |2 eng 
650 4 |a bezpečnosť práce  |2 slo 
650 4 |a polyfunkčný objekt  |2 slo 
650 4 |a organizácia výstavby  |2 slo 
650 4 |a stavebno-technologický projekt  |2 slo 
650 4 |a parkovanie  |2 slo 
650 4 |a zariadenie staveniska  |2 slo 
650 4 |a harmonogram  |2 slo 
700 1 |a Ďubek, Marek  |u 010270  |k Z1  |4 ths  |U SvF Stavebná fakulta  |T SvF Katedra technológie stavieb  |X 20818  |U V270  |Y 28  |7 A000020818 
856 4 |u http://is.stuba.sk/zp/portal_zp.pl?podrobnosti=182515 
856 4 |u https://opac.crzp.sk/?fn=detailBiblioForm&sid=226A7A544DA3649F685932E9F6D0  |z CRZP